000 00558nam a22001937a 4500
005 20251108165021.0
008 250721s1983 xx 000 0 ara d
082 1 4 _a540/أحم
100 1 _aإسلام، أحمد مدحت
245 1 0 _aمبادئ الكيمياء العملية /
250 _aط6.
264 1 _aالكويت :
_bمكتبة الفلاح،
_c1983.
300 _a313ص
650 1 7 _aالكيمياء
700 1 _aحسن، السيد علي
700 1 _aحنوت، إسماعيل بسويني
942 _2ddc
_cBK
999 _c20013
_d20013